000 00971nam a2200301 i 4500
001 47827
003 ES-MaACL
005 20251013212826.0
007 t|
008 030527s2001 sp ||||0| spa
020 _a84-7884-232-2
080 _a929 Piaget, Jean
080 _a159.92(082.2)
245 0 3 _aEl espíritu Piaget
_b: homenaje internacional a Jean Piaget /
_cbajo la dirección de Olivier Houdé, Claire Meljac ; [traducción, Gabriel Insausti].
260 _aMadrid :
_bPopular,
_c[2001]
300 _a251 p. :
_bil. ;
_c24 cm.
490 1 _aProa
504 _aBibliografía.
600 1 4 _aPiaget, Jean,
_d1896-1980-
_vHomenajes
_991740
650 1 4 _aDesarrollo cognitivo.
_911789
700 1 _aPiaget, Jean,
_d1896-1980
_991738
700 1 _aHoudé, Olivier.
_964320
700 1 _aMeljac, Claire.
_979981
700 1 _aInsausti, Gabriel.
_965339
830 1 _aProa
_9187251
852 _aES-MaACL
_jL-26412
999 _c47827
_d47827